Лирика: для старшего школьного возраста

Бібліографічні деталі
Автор: Северянин И. В. Игорь Васильевич
Інші автори: Куклин Л. (автор предисловия), Трофимкин И. (составитель), Петренко М. М. (иллюстратор)
Мова:Російська
Опубліковано: Ленинград, Детская литература, 1991
Серія:Поэтическая библиотечка школьника
Предмети:
Формат: MixedMaterials Книга
KOHA link:https://koha.lib.tpu.ru/cgi-bin/koha/opac-detail.pl?biblionumber=123242

MARC

LEADER 00000nam0a2200000 4500
001 123242
005 20231101215809.0
010 |a 5080000139 
020 |a RU  |b 91-34829 
035 |a (RuTPU)RU\TPU\book\133419 
090 |a 123242 
100 |a 20071014d1991 d y0rusy5003 ca 
101 0 |a rus 
102 |a RU 
105 |a a z 000gy 
200 1 |a Лирика  |e для старшего школьного возраста  |f И. В. Северянин  |g авт. предисл. Л. Куклин; сост. И. Трофимкин; худож. М. М. Петренко 
210 |a Ленинград  |c Детская литература  |c Ленингр. отд-ние  |d 1991 
215 |a 223,[1] с.  |c ил.  |d 17 см 
225 1 |a Поэтическая библиотечка школьника 
327 0 |a В кн. также: Венок поэту: Стихотворения, посвященные И. Северянину 
610 1 |a русская литература 
610 1 |a поэзия 
675 |a Р1  |z rus  |v 3 
700 1 |a Северянин  |b И. В.  |c русский поэт  |c настоящая фамилия Лотарев  |f 1887-1941  |g Игорь Васильевич  |2 stltpush  |3 (RuTPU)RU\TPU\pers\1052  |9 471 
702 1 |a Куклин  |b Л.  |4 080 
702 1 |a Трофимкин  |b И.  |4 220 
702 1 |a Петренко  |b М. М.  |4 440 
801 0 |a RU  |b RuMRKP  |c 19950417  |g psbo 
801 1 |a RU  |b 63413507  |c 20071014  |g PSBO 
801 2 |a RU  |b 63413507  |c 20170403  |g PSBO 
942 |c BK